Ortopedia y ortodoncia para la dentición decidua: atención integral para el desarrollo de la oclusión infantil (Registro nro. 13538)

Detalles MARC
000 -Cabecera
Campo de control de longitud fija 02177nam a22007097a 4500
005 - Fecha y hora de la última transacción
Campo de control 20251114100420.0
008 - Elementos de longitud fija--Información general
Campo de control de longitud fija 230504b2021 |||||||| |||| 00| 0 spa d
020 ## - International Standard Book Number
Número Internacional Estándar del Libro (ISBN) 9789585303744
041 ## - Idioma
Código de idioma Español
082 ## - Clasificación Decimal Dewey
Número de clasificación 617.64 Ch514o2
100 ## - Entrada principal--Autor personal
Nombre personal Chedid, Silvia José
9 (RLIN) 75920
245 ## - Título propiamente dicho
Título Ortopedia y ortodoncia para la dentición decidua: atención integral para el desarrollo de la oclusión infantil
250 ## - Edición
Mención de edición 2 edición
260 ## - Pie de imprenta
Lugar de publicación, distribución, etc. México
260 ## - Pie de imprenta
Nombre del editor, distribuidor, etc. AMOLCA
260 ## - Pie de imprenta
Fecha de publicación, distribución, etc. 2021
300 ## - Descripción física
Extensión 422 páginas
300 ## - Descripción física
Otras características físicas Ilustraciones a color
490 ## - Serie
Título de la Serie Mecánica Dental
650 ## - Materia general
Temática (materia general) ODONTOPEDIATRÍA
650 ## - Materia general
Temática (materia general) ORTODONCIA INFANTIL
650 ## - Materia general
Temática (materia general) ORTOPEDIA DENTAL
650 ## - Materia general
Temática (materia general) DESARROLLO CRANEOFACIAL
650 ## - Materia general
Temática (materia general) DENTADURA DECIDUA
650 ## - Materia general
Temática (materia general) ASIMETRÍAS CRANEALES
650 ## - Materia general
Temática (materia general) PLAGIOCEFALIA DEFORMACIONAL
650 ## - Materia general
Temática (materia general) OSTEOPATÍA
650 ## - Materia general
Temática (materia general) ARTICULACIÓN TEMPOROMANDIBULAR
650 ## - Materia general
Temática (materia general) FISIOLOGÍA DE LA MASTICACIÓN
650 ## - Materia general
Temática (materia general) DESARROLLO DE LA OCLUSIÓN
650 ## - Materia general
Temática (materia general) INTERVENCIÓN FONOAUDIOLÓGICA
650 ## - Materia general
Temática (materia general) DISFAGIA
650 ## - Materia general
Temática (materia general) SALUD BUCAL
650 ## - Materia general
Temática (materia general) LACTANCIA MATERNA
650 ## - Materia general
Temática (materia general) ALTERACIONES DEL SISTEMA ESTOMATOGNÁTICO
650 ## - Materia general
Temática (materia general) ALIMENTACIÓN
650 ## - Materia general
Temática (materia general) FRENILLO DE LA LENGUA
650 ## - Materia general
Temática (materia general) MASTICACIÓN
650 ## - Materia general
Temática (materia general) RESPIRACIÓN NASAL
650 ## - Materia general
Temática (materia general) DEGLUCIÓN
650 ## - Materia general
Temática (materia general) POSTURA CORPORAL
650 ## - Materia general
Temática (materia general) DESARROLLO OCLUSAL
650 ## - Materia general
Temática (materia general) SISTEMA NERVIOSO CENTRAL
650 ## - Materia general
Temática (materia general) ERUPCIÓN DE LOS DIENTES
650 ## - Materia general
Temática (materia general) OCLUSOPATÍAS
650 ## - Materia general
Temática (materia general) OCLUSIÓN SALUDABLE
650 ## - Materia general
Temática (materia general) ODONTOPEDIATRÍA
650 ## - Materia general
Temática (materia general) REHABILITACIÓN PROTÉSICA
650 ## - Materia general
Temática (materia general) RECURSOS DIAGNÓSTICOS
650 ## - Materia general
Temática (materia general) TOMOGRAFÍA COMPUTARIZADA
650 ## - Materia general
Temática (materia general) RECURSOS TERAPÉUTICOS
650 ## - Materia general
Temática (materia general) ORTOPEDIA FUNCIONAL
650 ## - Materia general
Temática (materia general) ORTODONCIA PREVENTIVA
650 ## - Materia general
Temática (materia general) ORTOPEDIA MECÁNICA
650 ## - Materia general
Temática (materia general) DOLOR DE CABEZA EN LA INFANCIA
650 ## - Materia general
Temática (materia general) DISFUNCIÓN TEMPOROMANDIBULAR
650 ## - Materia general
Temática (materia general) DOLOR OROFACIAL
650 ## - Materia general
Temática (materia general) BRUXISMO
650 ## - Materia general
Temática (materia general) ASPECTOS PSICOLÓGICOS DEL PACIENTE INFANTIL
650 ## - Materia general
Temática (materia general) COMUNICACIÓN ESTRATÉGICA EN LA CLÍNICA
942 ## - Punto de acceso adicional KOHA
Tipo de ítem KOHA Libro
Fuente del sistema de clasificación o colocación Dewey Decimal Classification
Existencias
Signatura completa Código de barras Programa Académico Tipo de ítem
617.64 Ch514o2 25708 Mecánica Dental Libro